Cities of the United Kingdom with pictures - Statistics

General Stats
  • This quiz has been taken 77 times
  • The average score is 12 of 16
Answer Stats
Picture Answer % Correct
London
100%
Liverpool
89%
Manchester
88%
Edinburgh
86%
Glasgow
83%
Newcastle (Upon Tyne)
83%
Birmingham
80%
Leeds
80%
Belfast
78%
Oxford
77%
Cambridge
72%
Cardiff
72%
Bristol
71%
York
68%
Sheffield
65%
Nottingham
54%
No matching quizzes found
Score Distribution
Percent of People with Each Score
Percentile by Number Answered
Your Score History
You have not taken this quiz